000 00290nam a22001217a 4500
082 _a823
_bLOU/S
100 _aCHISHDN, LOUCY
245 _aSTORIES OF KING ARTHUR'S KNIGHTS
260 _aLONDON
_bTHOMAS NELSON & SONS
300 _a119
650 _aENGLISH STORY
_zUNITED KINGDOM
942 _cBK
999 _c7309
_d7309